<?xml version="1.0" encoding="UTF-8"?>
<record
    xmlns:xsi="http://www.w3.org/2001/XMLSchema-instance"
    xsi:schemaLocation="http://www.loc.gov/MARC21/slim http://www.loc.gov/standards/marcxml/schema/MARC21slim.xsd"
    xmlns="http://www.loc.gov/MARC21/slim">

  <leader>01077nam a2200277 i 4500</leader>
  <controlfield tag="001">92016</controlfield>
  <controlfield tag="003">ES-MaACL</controlfield>
  <controlfield tag="005">20250829063117.0</controlfield>
  <controlfield tag="007">t|</controlfield>
  <controlfield tag="008">050316s1994    sp           ||||1| spa d</controlfield>
  <datafield tag="020" ind1=" " ind2=" ">
    <subfield code="a">84-87169-59-7</subfield>
  </datafield>
  <datafield tag="080" ind1=" " ind2=" ">
    <subfield code="a">331.105.44(468.18)"1931/36"</subfield>
  </datafield>
  <datafield tag="080" ind1=" " ind2=" ">
    <subfield code="a">308(468.18)"1931/36"</subfield>
  </datafield>
  <datafield tag="100" ind1="1" ind2=" ">
    <subfield code="a">Guti&#xE9;rrez Molina, Jos&#xE9; Luis.</subfield>
    <subfield code="9">61186</subfield>
  </datafield>
  <datafield tag="245" ind1="1" ind2="0">
    <subfield code="a">Crisis burguesa y unidad obrera </subfield>
    <subfield code="b">: el sindicalismo en C&#xE1;diz durante la Segunda Rep&#xFA;blica / </subfield>
    <subfield code="c">Jos&#xE9; Luis Guti&#xE9;rrez Molina.</subfield>
  </datafield>
  <datafield tag="260" ind1=" " ind2=" ">
    <subfield code="a">[Madrid] : </subfield>
    <subfield code="b">Fundaci&#xF3;n de Estudios Libertarios Anselmo Lorenzo,</subfield>
    <subfield code="c">[1994]</subfield>
  </datafield>
  <datafield tag="300" ind1=" " ind2=" ">
    <subfield code="a">492 p. ; </subfield>
    <subfield code="c">21 cm.</subfield>
  </datafield>
  <datafield tag="490" ind1="1" ind2=" ">
    <subfield code="a">Madre tierra (Fundaci&#xF3;n de Estudios Libertarios Anselmo Lorenzo)</subfield>
    <subfield code="9">242128</subfield>
  </datafield>
  <datafield tag="650" ind1="1" ind2="4">
    <subfield code="a">Sindicalismo-</subfield>
    <subfield code="z">C&#xE1;diz-</subfield>
    <subfield code="y">1931-1936.</subfield>
    <subfield code="9">17111</subfield>
  </datafield>
  <datafield tag="651" ind1=" " ind2="4">
    <subfield code="a">C&#xE1;diz-</subfield>
    <subfield code="x">Situaci&#xF3;n social-</subfield>
    <subfield code="y">1931-1936.</subfield>
    <subfield code="9">7919</subfield>
  </datafield>
  <datafield tag="710" ind1="2" ind2=" ">
    <subfield code="a">Fundaci&#xF3;n Anselmo Lorenzo.</subfield>
    <subfield code="9">4216</subfield>
  </datafield>
  <datafield tag="830" ind1=" " ind2="0">
    <subfield code="a">Madre tierra (Fundaci&#xF3;n de Estudios Libertarios Anselmo Lorenzo)</subfield>
    <subfield code="9">242128</subfield>
  </datafield>
  <datafield tag="852" ind1=" " ind2=" ">
    <subfield code="a">ES-MaACL</subfield>
    <subfield code="j">E-10843 </subfield>
    <subfield code="b">R.126867</subfield>
  </datafield>
  <datafield tag="942" ind1=" " ind2=" ">
    <subfield code="2">udc</subfield>
  </datafield>
  <datafield tag="999" ind1=" " ind2=" ">
    <subfield code="c">92016</subfield>
    <subfield code="d">92016</subfield>
  </datafield>
  <datafield tag="952" ind1=" " ind2=" ">
    <subfield code="0">0</subfield>
    <subfield code="1">0</subfield>
    <subfield code="4">0</subfield>
    <subfield code="7">0</subfield>
    <subfield code="a">ATENEOM</subfield>
    <subfield code="b">ATENEOM</subfield>
    <subfield code="c">DEPO2</subfield>
    <subfield code="d">2008-01-17</subfield>
    <subfield code="e">SC</subfield>
    <subfield code="l">0</subfield>
    <subfield code="o">E-10843</subfield>
    <subfield code="p">1096076</subfield>
    <subfield code="r">2023-02-23 00:00:00</subfield>
    <subfield code="w">2023-02-23</subfield>
    <subfield code="y">MONOGRAFIA</subfield>
  </datafield>
</record>
